| 000 | 00640cam a2200181 i 4500 | ||
|---|---|---|---|
| 001 | 000013214 | ||
| 005 | 20200929163152.0 | ||
| 008 | 770606s1967 ck 000 0 eng | ||
| 040 |
_aDO-SdBNP _bspa _cBNPHU |
||
| 100 | 1 |
_aRamirez Cardona, Alejandro. _930327 |
|
| 245 | 1 | 3 |
_aEl proceso tributario / _cAlejandro Ramirez Cardona. |
| 250 | _a2. ed. | ||
| 260 |
_aBogota : _bEditorial Temis, _c1967. |
||
| 300 |
_axvi, 320 p. ; _c23 cm. |
||
| 500 | _aFirst ed. published in 1965 under title: El proceso tributario en la legislacion colombiana. | ||
| 500 | _aIncludes legislation. | ||
| 650 | 0 |
_aTax administration and procedure _zColombia. _930328 |
|
| 999 |
_c12849 _d12849 |
||